000 00339nam a22001457a 4500
003 OSt
008 201120b ||||| |||| 00| 0 eng d
100 _aSHARMA, Ashok
245 _aElectricity Magnetism
250 _a1st
260 _aNew Delhi
_bModern Publishers
_c2020
300 _a196
650 _aB.Sc Non Medical
942 _2ddc
_cBK
999 _c9270
_d9270